000 00208nam a2200097Ia 4500
005 20251222114340.0
008 251222s1900||||xx |||||||||||||| ||spa||
082 _aDVD0090/E11/1988
245 0 _aBird:
942 _cDVD
999 _c834
_d834